Normal view
MARC view
Entry Topical Term
001 - CONTROL NUMBER
- control field: 32892
003 - CONTROL NUMBER IDENTIFIER
- control field: OSt
005 - DATE AND TIME OF LATEST TRANSACTION
- control field: 20220913145933.0
008 - FIXED-LENGTH DATA ELEMENTS
- fixed length control field: 220913|| aca||aabn | a|a d
040 ## - CATALOGING SOURCE
- Original cataloging agency: OSt
- Transcribing agency: OSt
150 ## - HEADING--TOPICAL TERM
- Topical term or geographic name entry element: Domestic work, Middle-class women, Caste, Race, Neoliberalism.
670 ## - SOURCE DATA FOUND
- Source citation: Work cat.: (OSt): Nair, Gayatri and Hofman, Nila Ginger 32891, Middle-class women and domestic work in India and the united states: Caste, race and patriarchy
